[Event "SR 2. liga A 2013/2014"]
[Site "?"]
[Date "2014.01.11"]
[Round "5.3"]
[White "Macko, Miroslav"]
[Black "Hecht, Tomas"]
[Result "1-0"]
[WhiteElo "1699"]
[BlackElo "1972"]
[PlyCount "41"]
[EventDate "2013.??.??"]

1. e4 c5 2. Nc3 Nc6 3. f4 d6 4. Bc4 Nf6 5. Nf3 Bg4 6. h3 Bxf3 7. Qxf3 Nd4 8.
Qd1 e6 9. d3 d5 10. Bb3 b5 11. e5 Nd7 12. O-O c4 13. dxc4 dxc4 14. Nxb5 Nxb5
15. Bxc4 Bc5+ 16. Kh1 Nc7 17. Qh5 O-O 18. f5 g6 19. Qh6 Re8 20. fxg6 fxg6 21.
Rf7 1-0

[Event "SR 2. liga A 2013/2014"]
[Site "?"]
[Date "2014.01.11"]
[Round "5.4"]
[White "Bronis, Marian"]
[Black "Sosovicka, Juraj"]
[Result "1/2-1/2"]
[WhiteElo "2175"]
[BlackElo "2188"]
[PlyCount "39"]
[EventDate "2013.??.??"]

1. d4 Nf6 2. c4 e6 3. Nc3 d5 4. cxd5 exd5 5. Bg5 Be7 6. e3 c6 7. Qc2 O-O 8. Bd3
Nbd7 9. Nge2 Re8 10. O-O Nf8 11. f3 g6 12. Rad1 Ne6 13. Bh4 Ng7 14. h3 Bf5 15.
Bf2 Bxd3 16. Qxd3 Bb4 17. a3 Ba5 18. b4 Bc7 19. e4 Nfh5 20. e5 1/2-1/2

[Event "SR 2. liga A 2013/2014"]
[Site "?"]
[Date "2014.01.11"]
[Round "5.4"]
[White "Zatko, Gregor"]
[Black "Biro, Karol"]
[Result "1-0"]
[WhiteElo "2188"]
[BlackElo "2190"]
[PlyCount "101"]
[EventDate "2013.??.??"]

1. Nf3 d5 2. d4 c6 3. Bf4 Qb6 4. b3 Nf6 5. e3 Bf5 6. Bd3 Bxd3 7. Qxd3 e6 8. O-O
Nbd7 9. Nbd2 Ba3 10. Rab1 Be7 11. c4 c5 12. cxd5 exd5 13. e4 dxe4 14. Nxe4 O-O
15. d5 Nxe4 16. Qxe4 Rfe8 17. Qf5 Nf6 18. Ne5 Qd8 19. Rbd1 Bd6 20. Nc4 Bxf4 21.
Qxf4 Re4 22. Qf3 Rd4 23. Ne3 g6 24. Nc2 Rxd1 25. Rxd1 Qd6 26. Na3 Re8 27. g3
Nd7 28. Nc4 Qe7 29. Rd3 b5 30. Re3 Qd8 31. Rxe8+ Qxe8 32. Nd6 Qe7 33. Nxb5 a6
34. Nc3 h5 35. Kg2 Qd6 36. Qe4 Kg7 37. f4 Qf6 38. Qd3 h4 39. Ne2 Qd6 40. Nc3
hxg3 41. hxg3 Qf6 42. Nd1 Qb6 43. Qc3+ Nf6 44. Ne3 Kg8 45. Qe5 Nd7 46. Qe8+ Nf8
47. Ng4 Qa5 48. Nf6+ Kg7 49. Qe5 Qxa2+ 50. Kh3 Kh6 51. Ne8 1-0

[Event "SR 2. liga A 2013/2014"]
[Site "?"]
[Date "2014.01.11"]
[Round "5.4"]
[White "Duriga, Stefan"]
[Black "Oprea, Erik"]
[Result "1/2-1/2"]
[WhiteElo "2243"]
[BlackElo "2130"]
[PlyCount "95"]
[EventDate "2013.??.??"]

1. d4 d6 2. e4 Nd7 3. Nf3 e5 4. c3 c6 5. Bc4 b5 6. Bb3 Be7 7. O-O Ngf6 8. Re1
O-O 9. Nbd2 Bb7 10. Nf1 c5 11. Ng3 c4 12. Bc2 Re8 13. h3 Qc7 14. Nf5 Bf8 15. d5
a5 16. Bg5 h6 17. Bd2 a4 18. a3 Nc5 19. g4 Bc8 20. Nh2 Bxf5 21. gxf5 Be7 22.
Kh1 Rac8 23. Qf3 Nh7 24. Rg1 Kh8 25. Qg3 Rg8 26. h4 Nf6 27. Rae1 Qd8 28. Nf3
Nb3 29. Be3 Nc5 30. Nd2 Nh7 31. Nf3 Nf6 32. Bc1 Ncd7 33. Rg2 Nc5 34. Qh3 Qc7
35. h5 Nb3 36. Bxb3 cxb3 37. Nd2 Nh7 38. Nf3 Qc4 39. Nd2 Qc7 40. Nf3 Qc5 41.
Kg1 Qa7 42. Be3 Qd7 43. Kh2 Rce8 44. Reg1 Qc8 45. Rg3 Bf6 46. Qg2 Qd8 47. Rg4
Qc8 48. Rg3 1/2-1/2

[Event "SR 2. liga A 2013/2014"]
[Site "?"]
[Date "2014.01.11"]
[Round "5.4"]
[White "Hricak, Vasil"]
[Black "Petreje, Juraj"]
[Result "1/2-1/2"]
[WhiteElo "2118"]
[BlackElo "2106"]
[PlyCount "37"]
[EventDate "2013.??.??"]

1. e4 d5 2. exd5 Qxd5 3. Nc3 Qa5 4. d4 c6 5. Bd2 Qb6 6. Nf3 Bg4 7. Bc4 e6 8.
Qe2 Bxf3 9. gxf3 Qxd4 10. O-O-O Qh4 11. Ne4 h6 12. Qd3 Be7 13. Rhg1 Nf6 14.
Rxg7 Nxe4 15. fxe4 Nd7 16. Bxe6 Ne5 17. Qb3 Qf6 18. Qxb7 Rd8 19. Bxf7+ 1/2-1/2

[Event "SR 2. liga A 2013/2014"]
[Site "?"]
[Date "2014.01.11"]
[Round "5.4"]
[White "Danek, Pavol"]
[Black "Sosovicka, Matej"]
[Result "1-0"]
[WhiteElo "2209"]
[BlackElo "2098"]
[PlyCount "81"]
[EventDate "2013.??.??"]

1. d4 d5 2. Nf3 Nf6 3. c4 c6 4. Nc3 e6 5. Bg5 h6 6. Bh4 dxc4 7. e3 b5 8. a4 Bb4
9. Nd2 Bxc3 10. bxc3 Nbd7 11. axb5 cxb5 12. Qf3 Rb8 13. Bg3 Bb7 14. e4 Ra8 15.
Bd6 Nf8 16. Bc5 Ng6 17. Be2 Nh4 18. Qg3 Nxe4 19. Nxe4 Bxe4 20. Qxg7 Nxg2+ 21.
Kf1 Rh7 22. Qf8+ Kd7 23. Qd6+ Ke8 24. Qf8+ Kd7 25. Qxd8+ Kxd8 26. f3 Ne3+ 27.
Kf2 Ng4+ 28. fxg4 Bxh1 29. Rxh1 f6 30. Bf3 Rc8 31. Ra1 Rd7 32. Bxa7 e5 33. d5
Ke7 34. Be3 Kd6 35. Ra6+ Ke7 36. g5 hxg5 37. Bg4 b4 38. Bxd7 Kxd7 39. cxb4 c3
40. Bc5 c2 41. Ra7+ 1-0

[Event "SR 2. liga A 2013/2014"]
[Site "?"]
[Date "2014.01.11"]
[Round "5.4"]
[White "Szollos, Ondrej"]
[Black "Kebis, Milos"]
[Result "1-0"]
[WhiteElo "1983"]
[BlackElo "1997"]
[PlyCount "97"]
[EventDate "2013.??.??"]

1. Nf3 Nf6 2. d3 d5 3. c3 c5 4. Bg5 Nc6 5. Nbd2 e6 6. e4 Be7 7. Be2 h6 8. Bh4
O-O 9. O-O b6 10. e5 Nd7 11. Bxe7 Qxe7 12. d4 a6 13. a3 b5 14. Bd3 Bb7 15. Re1
Rfc8 16. dxc5 Nxc5 17. Bc2 Rd8 18. Nd4 Rac8 19. N2f3 Nd7 20. Nxc6 Bxc6 21. Nd4
Bb7 22. Qd3 g6 23. Re3 Nc5 24. Qe2 Ne4 25. f3 Nc5 26. Re1 Nd7 27. Qf2 Kg7 28.
h4 Nb6 29. R3e2 Nc4 30. Bb1 Rc7 31. Qg3 Rg8 32. Qh3 Kh7 33. g4 Bc8 34. Qg3 Bd7
35. Kg2 a5 36. Qf4 Kg7 37. g5 h5 38. Qc1 b4 39. axb4 axb4 40. Rc2 Qc5 41. Qf4
bxc3 42. Rxc3 Qb4 43. Qf6+ Kf8 44. Qd8+ Be8 45. Qxc7 Qxb2+ 46. Ne2 Qd2 47. Kf2
Kg7 48. Qc5 Nb2 49. Qd4 1-0

[Event "SR 2. liga A 2013/2014"]
[Site "?"]
[Date "2014.01.11"]
[Round "5.4"]
[White "Povysil, Peter"]
[Black "Kucera, Michal"]
[Result "0-1"]
[WhiteElo "1991"]
[BlackElo "1943"]
[PlyCount "78"]
[EventDate "2013.??.??"]

1. d4 Nf6 2. c4 e6 3. Nc3 Bb4 4. Nf3 c5 5. g3 b6 6. Bg2 Bb7 7. O-O Bxc3 8. bxc3
O-O 9. d5 Re8 10. Nh4 e5 11. Nf5 d6 12. e4 Qc7 13. g4 g6 14. Nh6+ Kg7 15. Qf3
Ng8 16. g5 Rf8 17. Qg3 Nd7 18. Bh3 Rac8 19. Bxd7 Qxd7 20. f4 Nxh6 21. gxh6+ Kh8
22. f5 f6 23. Kh1 Rg8 24. Qh4 Qf7 25. Bd2 g5 26. Qg4 Ba6 27. Qe2 Qf8 28. a4
Qxh6 29. a5 Rb8 30. Rg1 b5 31. cxb5 Bxb5 32. c4 Ba6 33. Rg2 Rb3 34. Rag1 Qh3
35. Qf1 Qd3 36. Qf2 Bxc4 37. Bxg5 Rxg5 38. Rxg5 fxg5 39. Qg2 Rb1 0-1

[Event "SR 2. liga A 2013/2014"]
[Site "?"]
[Date "2014.01.11"]
[Round "5.4"]
[White "Antala, Jan"]
[Black "Faltan, Peter"]
[Result "0-1"]
[WhiteElo "1916"]
[BlackElo "1988"]
[PlyCount "128"]
[EventDate "2013.??.??"]

1. e4 e5 2. Nf3 Nf6 3. Nc3 Nc6 4. d4 exd4 5. Nd5 Be7 6. Bf4 d6 7. Bb5 O-O 8.
O-O Bg4 9. Bxc6 bxc6 10. Nxe7+ Qxe7 11. Qxd4 Qxe4 12. Rfe1 Qxd4 13. Nxd4 Bd7
14. c4 Rfe8 15. Bg5 Ne4 16. Bh4 Nc5 17. b3 f6 18. f3 Kf7 19. Rxe8 Rxe8 20. Re1
a6 21. Rxe8 Kxe8 22. Be1 Nd3 23. Bd2 c5 24. Ne2 Be6 25. Nc3 Nb4 26. Kf1 Kd7 27.
Ke2 a5 28. Be1 a4 29. Nxa4 Nxa2 30. Kd2 h5 31. Nc3 Nb4 32. f4 Bf5 33. Ne2 Ke6
34. Kc3 g6 35. Nd4+ cxd4+ 36. Kxb4 Bc2 37. Ka3 Kf5 38. Kb2 Be4 39. g3 Kg4 40.
b4 Kf3 41. Kc1 Ke2 42. Bd2 Kd3 43. b5 Kxc4 44. Ba5 Kxb5 45. Bxc7 Kc6 46. Bd8 f5
47. Kd2 Bb1 48. Kc1 Ba2 49. Kd2 Kd5 50. Bc7 Bc4 51. Bb8 Ke4 52. Bxd6 Kf3 53.
Be5 Kg2 54. Bxd4 Kxh2 55. Bf2 Kg2 56. Ke3 Kf1 57. g4 fxg4 58. Bh4 Kg2 59. f5
gxf5 60. Kf4 Bd3 61. Be1 Kh3 62. Kg5 g3 63. Kxh5 g2 64. Bf2 Kh2 0-1

[Event "SR 2. liga A 2013/2014"]
[Site "?"]
[Date "2014.01.11"]
[Round "5.5"]
[White "Federic, Jozef"]
[Black "Maslik, Miroslav"]
[Result "1/2-1/2"]
[WhiteElo "2269"]
[BlackElo "2366"]
[PlyCount "120"]
[EventDate "2013.??.??"]

1. d4 Nf6 2. Nf3 g6 3. g3 Bg7 4. c4 O-O 5. Bg2 c5 6. O-O d6 7. Nc3 Nbd7 8. b3
a6 9. Bb2 Rb8 10. dxc5 Nxc5 11. Nd4 Ne6 12. Nc2 Bd7 13. Rb1 b5 14. Ne3 Nc7 15.
Qc2 Qc8 16. Rbc1 Bh3 17. Ne4 Nxe4 18. Bxg7 Nxg3 19. Bxf8 Nxf1 20. Nxf1 Bxg2 21.
Bxe7 Bxf1 22. Kxf1 Qe6 23. Bg5 Qh3+ 24. Ke1 Qxh2 25. Be3 Ne6 26. Qe4 bxc4 27.
Qxc4 d5 28. Qxa6 d4 29. Rc8+ Rxc8 30. Qxc8+ Kg7 31. Bc1 Qg1+ 32. Kd2 Qxf2 33.
Qb8 Qf5 34. a4 Nc5 35. Ba3 Ne4+ 36. Kd3 Nf6+ 37. Kd2 Ne4+ 38. Kd3 Nf6+ 39. Kd2
Nd7 40. Qd6 Qg5+ 41. Kc2 Qg4 42. Kd2 f6 43. a5 Qg5+ 44. Kc2 Qb5 45. Qxd4 Qxe2+
46. Kb1 Ne5 47. Qd8 g5 48. Qf8+ Kg6 49. Qg8+ Kf5 50. Qxh7+ Kg4 51. Qc7 f5 52.
Qc2 Qf1+ 53. Qc1 Qb5 54. Qg1+ Kh5 55. Bb2 Nd3 56. Qb6 Qxb6 57. axb6 Nc5 58. Bd4
Nb7 59. Kc2 g4 60. Kd3 Kg5 1/2-1/2

[Event "SR 2. liga A 2013/2014"]
[Site "?"]
[Date "2014.01.11"]
[Round "5.5"]
[White "Madar, Martin"]
[Black "Banas, Kamil"]
[Result "0-1"]
[WhiteElo "2135"]
[BlackElo "2221"]
[PlyCount "41"]
[EventDate "2013.??.??"]

1. e4 c5 2. d3 Nc6 3. Nf3 g6 4. g3 Bg7 5. Bg2 e5 6. O-O Nge7 7. Nbd2 O-O 8. a4
f5 9. c3 h6 10. Qb3+ Kh7 11. Re1 d6 12. Nf1 f4 13. h4 Ng8 14. Bd2 Qe7 15. Rad1
Rf7 16. Qc2 Be6 17. b4 cxb4 18. cxb4 fxg3 19. fxg3 Rxf3 20. Bg5 Rxf1+ 21. Rxf1
0-1

[Event "SR 2. liga A 2013/2014"]
[Site "?"]
[Date "2014.01.11"]
[Round "5.5"]
[White "Matejovic, Juraj"]
[Black "Gazi, Mikulas"]
[Result "1/2-1/2"]
[WhiteElo "2186"]
[BlackElo "2108"]
[PlyCount "80"]
[EventDate "2013.??.??"]

1. e4 c5 2. Nf3 d6 3. d4 cxd4 4. Nxd4 Nf6 5. Nc3 g6 6. Be3 Bg7 7. f3 Nc6 8. Qd2
O-O 9. O-O-O d5 10. exd5 Nxd5 11. Nxc6 bxc6 12. Bd4 Nxc3 13. Qxc3 Bh6+ 14. Be3
Bxe3+ 15. Qxe3 Qa5 16. Bc4 Ba6 17. Bxa6 Qxa6 18. Kb1 e6 19. Rd3 Rfd8 20. Rhd1
Rd5 21. b3 Rb8 22. Kb2 Qb6 23. Qxb6 axb6 24. c4 Re5 25. Rd8+ Rxd8 26. Rxd8+ Kg7
27. Kc2 Kf6 28. Kd2 h5 29. Rc8 Rc5 30. a4 Rg5 31. g3 b5 32. axb5 cxb5 33. cxb5
Rxb5 34. Kc3 Ra5 35. Kb2 Re5 36. b4 Re2+ 37. Rc2 Re3 38. Rc3 Re2+ 39. Rc2 Re3
40. Rc3 Re2+ 1/2-1/2

[Event "SR 2. liga A 2013/2014"]
[Site "?"]
[Date "2014.01.11"]
[Round "5.5"]
[White "Janos, Ivan"]
[Black "Mydlarik, Martin"]
[Result "1/2-1/2"]
[WhiteElo "2105"]
[BlackElo "2112"]
[PlyCount "76"]
[EventDate "2013.??.??"]

1. e4 e6 2. d4 d5 3. e5 c5 4. c3 Nc6 5. Nf3 Qb6 6. a3 cxd4 7. cxd4 f6 8. exf6
Nxf6 9. Nc3 Bd6 10. Bd3 O-O 11. O-O Bd7 12. b4 Rac8 13. Na4 Qd8 14. Nc5 Rc7 15.
Re1 Qc8 16. Bb2 Nd8 17. Nxd7 Qxd7 18. Ne5 Qc8 19. Qf3 Nf7 20. Qh3 Ng5 21. Qe3
Nge4 22. f3 Nc3 23. Ng4 Nxg4 24. fxg4 Bf4 25. Qh3 g6 26. a4 Bd2 27. Rf1 Rxf1+
28. Bxf1 Ne4 29. Bd3 Rf7 30. Rf1 Rxf1+ 31. Kxf1 Qf8+ 32. Qf3 Qxb4 33. Bxe4 Qxb2
34. Bxd5 exd5 35. Qxd5+ Kg7 36. Qe5+ Kf7 37. Qd5+ Kg7 38. Qe5+ Kf7 1/2-1/2

[Event "SR 2. liga A 2013/2014"]
[Site "?"]
[Date "2014.01.11"]
[Round "5.5"]
[White "Antol, Ladislav"]
[Black "Michal, Silvio"]
[Result "1/2-1/2"]
[WhiteElo "2039"]
[BlackElo "2095"]
[PlyCount "33"]
[EventDate "2013.??.??"]

1. e4 Nf6 2. e5 Nd5 3. d4 d6 4. Nf3 Nb6 5. Bb5+ c6 6. Bd3 Bg4 7. O-O N8d7 8.
exd6 exd6 9. Re1+ Be7 10. Qe2 Nc8 11. Nc3 d5 12. h3 Bh5 13. g4 Bg6 14. Bxg6
hxg6 15. Bg5 Kf8 16. Bxe7+ Qxe7 17. Qxe7+ 1/2-1/2

[Event "SR 2. liga A 2013/2014"]
[Site "?"]
[Date "2014.01.11"]
[Round "5.5"]
[White "Hartl, Jan"]
[Black "Kundrak, Vladimir"]
[Result "0-1"]
[WhiteElo "2094"]
[BlackElo "1945"]
[PlyCount "55"]
[EventDate "2013.??.??"]

1. e4 d5 2. exd5 Nf6 3. d4 Bg4 4. Nf3 Qxd5 5. Be2 Nc6 6. O-O O-O-O 7. Be3 e6 8.
h3 Bf5 9. c4 Qd7 10. Nc3 h6 11. Qa4 a6 12. a3 g5 13. g4 Bg6 14. b4 Ne4 15. Nxe4
Bxe4 16. b5 Nb8 17. Ne5 Qe8 18. Rab1 f6 19. Nd3 h5 20. f3 Bg6 21. Qb3 axb5 22.
cxb5 Bd6 23. Kg2 e5 24. Rbe1 hxg4 25. hxg4 exd4 26. Bg1 Qe7 27. Bd1 Qh7 28. Kf2
0-1

[Event "SR 2. liga A 2013/2014"]
[Site "?"]
[Date "2014.01.11"]
[Round "5.5"]
[White "Srna, Jan"]
[Black "Horvath, Marek"]
[Result "1/2-1/2"]
[WhiteElo "1960"]
[BlackElo "1811"]
[PlyCount "39"]
[EventDate "2013.??.??"]

1. d4 d5 2. Nf3 Nf6 3. b3 e6 4. a3 c5 5. e3 Nc6 6. Bb2 cxd4 7. exd4 g6 8. Bd3
Bg7 9. O-O O-O 10. Re1 b6 11. c4 Na5 12. Nbd2 Ba6 13. Qe2 Nh5 14. g3 Nc6 15.
Ne5 dxc4 16. bxc4 Nxd4 17. Qe4 Nf5 18. Ndf3 Nf6 19. Qe2 Rc8 20. a4 1/2-1/2

[Event "SR 2. liga A 2013/2014"]
[Site "?"]
[Date "2014.01.11"]
[Round "5.6"]
[White "Cajka, Tibor"]
[Black "Drtina, Milan"]
[Result "1/2-1/2"]
[WhiteElo "2162"]
[BlackElo "2135"]
[PlyCount "75"]
[EventDate "2013.??.??"]

1. e4 e5 2. Nf3 Nc6 3. d4 exd4 4. Bc4 Bb4+ 5. c3 dxc3 6. O-O c2 7. Qxc2 d6 8.
a3 Bc5 9. b4 Bb6 10. Qb3 Qe7 11. Bg5 Nf6 12. Nc3 Be6 13. Nd5 Bxd5 14. exd5 Ne5
15. Bb5+ Kf8 16. Rae1 a6 17. Ba4 h6 18. Bf4 Nfg4 19. Bg3 g5 20. Kh1 h5 21. Qc3
f6 22. Nxe5 dxe5 23. f3 h4 24. fxg4 hxg3 25. Qxg3 Kg7 26. Bc2 Rxh2+ 27. Qxh2
Rh8 28. Bf5 Rxh2+ 29. Kxh2 Qd6 30. Be4 a5 31. bxa5 Bxa5 32. Re3 Qb6 33. Rh3 Qd4
34. Rh7+ Kg8 35. Bg6 e4 36. Rf7 Bc3 37. R1xf6 Qxf6 38. Rxf6 1/2-1/2

[Event "SR 2. liga A 2013/2014"]
[Site "?"]
[Date "2014.01.11"]
[Round "5.6"]
[White "Liptak, Dusan"]
[Black "Jozefek, Michal"]
[Result "1-0"]
[WhiteElo "2108"]
[BlackElo "2168"]
[PlyCount "69"]
[EventDate "2013.??.??"]

1. Nf3 Nf6 2. c4 d6 3. d4 Nbd7 4. Nc3 e5 5. e4 Be7 6. Be2 O-O 7. O-O Re8 8. d5
a5 9. Be3 Ng4 10. Bd2 Nf8 11. Ne1 Nf6 12. f3 c5 13. Qc2 Nh5 14. g3 g6 15. f4
exf4 16. Bxh5 gxh5 17. gxf4 Bh3 18. Ng2 Bf6 19. Qd3 Bd4+ 20. Kh1 Bd7 21. f5 Qe7
22. Rae1 Be5 23. Qh3 Rec8 24. Qxh5 Be8 25. Ne3 Kh8 26. Rg1 f6 27. Qh6 Rc7 28.
Rg4 Qf7 29. Reg1 a4 30. Ne2 b5 31. Ng2 bxc4 32. Ngf4 a3 33. bxa3 Rxa3 34. Ne6
Rxa2 35. Rg8+ 1-0

[Event "SR 2. liga A 2013/2014"]
[Site "?"]
[Date "2014.01.11"]
[Round "5.6"]
[White "Spacek, Oliver"]
[Black "Arendas, Marek"]
[Result "1-0"]
[WhiteElo "2041"]
[BlackElo "2096"]
[PlyCount "47"]
[EventDate "2013.??.??"]

1. d4 d5 2. c4 c6 3. Nf3 Nf6 4. e3 g6 5. b3 Bg7 6. Bd3 O-O 7. O-O Bg4 8. Nbd2
Re8 9. Bb2 e6 10. Qc2 Nbd7 11. Ne5 Bf5 12. e4 dxe4 13. Nxe4 Nxe4 14. Bxe4 Bxe4
15. Qxe4 Qc7 16. Rad1 Rad8 17. f4 c5 18. dxc5 Nxc5 19. Qe3 b6 20. Bd4 Bf8 21.
Ng4 Nd7 22. Kh1 h5 23. Be5 Qb7 24. Rxd7 1-0

[Event "SR 2. liga A 2013/2014"]
[Site "?"]
[Date "2014.01.11"]
[Round "5.6"]
[White "Puskar, Peter"]
[Black "Pericka, Tomas"]
[Result "0-1"]
[WhiteElo "2063"]
[BlackElo "1994"]
[PlyCount "90"]
[EventDate "2013.??.??"]

1. d4 g6 2. c4 Nf6 3. Nc3 d5 4. cxd5 Nxd5 5. e4 Nxc3 6. bxc3 Bg7 7. Bc4 O-O 8.
Be3 c5 9. Ne2 Nc6 10. O-O Qc7 11. a4 Rd8 12. Qc1 cxd4 13. cxd4 e5 14. d5 Nd4
15. Bxd4 exd4 16. Bd3 Qa5 17. Qe1 Qxe1 18. Rfxe1 Bd7 19. Reb1 b6 20. Ra2 Rac8
21. a5 b5 22. a6 Rc5 23. h3 f5 24. f3 Bh6 25. Rb4 fxe4 26. fxe4 Be3+ 27. Kh2
Rf8 28. Rc2 Rxc2 29. Bxc2 Rf2 30. Bd3 h5 31. e5 Bf5 32. Bxb5 Be4 33. h4 Rxg2+
34. Kh3 Bf2 35. Bd7 Be1 36. Be6+ Kg7 37. Rb7+ Kh6 38. Bg8 g5 39. hxg5+ Rxg5 40.
Be6 d3 41. Nd4 d2 42. Rb8 Rg3+ 43. Kh2 d1=Q 44. Rh8+ Kg5 45. Rg8+ Kh4 0-1

[Event "SR 2. liga A 2013/2014"]
[Site "?"]
[Date "2014.01.11"]
[Round "5.6"]
[White "Nemeckay, Rastislav"]
[Black "Puchart, Vladimir"]
[Result "1-0"]
[WhiteElo "1986"]
[BlackElo "2051"]
[PlyCount "77"]
[EventDate "2013.??.??"]

1. e4 c5 2. Nf3 d6 3. d4 cxd4 4. Nxd4 Nf6 5. Nc3 a6 6. g3 e6 7. Bg2 Be7 8. O-O
O-O 9. Be3 Qc7 10. Qe2 Nbd7 11. f4 Rb8 12. Kh1 Nb6 13. Bg1 Nc4 14. Nd1 d5 15.
e5 Nd7 16. c3 b5 17. Ne3 Ndb6 18. Rac1 Bd7 19. b3 Na5 20. Ng4 Nc6 21. Nxc6 Bxc6
22. Bd4 Nd7 23. f5 exf5 24. Rxf5 Bc5 25. Qe3 f6 26. Bxc5 Nxc5 27. Qxc5 fxe5 28.
Rxf8+ Rxf8 29. Nxe5 Qxe5 30. Qxc6 Qe3 31. Rg1 h6 32. Qxd5+ Kh8 33. c4 bxc4 34.
bxc4 Rf2 35. Qa8+ Kh7 36. Qe4+ Qxe4 37. Bxe4+ g6 38. Rc1 Re2 39. Bb7 1-0

[Event "SR 2. liga A 2013/2014"]
[Site "?"]
[Date "2014.01.11"]
[Round "5.6"]
[White "Doucha, Ludvik"]
[Black "Spacek, Marcel"]
[Result "0-1"]
[WhiteElo "2039"]
[BlackElo "1818"]
[PlyCount "42"]
[EventDate "2013.??.??"]

1. e4 c5 2. c4 Nc6 3. Ne2 Nf6 4. Nbc3 Qc7 5. d4 cxd4 6. Nxd4 Nxe4 7. Nd5 Qe5 8.
Nf3 Qd6 9. Qe2 f5 10. Bf4 e5 11. Nxe5 Nxe5 12. f3 g5 13. Bxe5 Qxe5 14. fxe4
fxe4 15. Qh5+ Kd8 16. O-O-O Bg7 17. Rd2 Rf8 18. Re2 d6 19. Qxh7 Bg4 20. Rc2 Rh8
21. Qg6 Bh5 0-1

[Event "SR 2. liga A 2013/2014"]
[Site "?"]
[Date "2014.01.11"]
[Round "5.6"]
[White "Ocko, Martin"]
[Black "Sturdik, Igor"]
[Result "0-1"]
[WhiteElo "1736"]
[BlackElo "2017"]
[PlyCount "148"]
[EventDate "2013.??.??"]

1. d4 Nf6 2. c4 c5 3. d5 e6 4. Nc3 exd5 5. cxd5 d6 6. e4 g6 7. g3 Bg7 8. Bg2
O-O 9. Nge2 Re8 10. a4 Na6 11. O-O Nb4 12. Bf4 Nh5 13. Qd2 Nxf4 14. Nxf4 b6 15.
Na2 Nxa2 16. Rxa2 Ba6 17. Rd1 Qf6 18. b4 Bc4 19. Raa1 Bb3 20. Rf1 c4 21. a5 Qc3
22. Qxc3 Bxc3 23. Ne2 Bxb4 24. a6 Bc2 25. Rfc1 Bd3 26. Nf4 Rac8 27. Bh3 Rc5 28.
Ra4 Bd2 29. Nxd3 cxd3 30. Rd1 Rc1 31. Rxc1 Bxc1 32. Rd4 d2 33. f3 f5 34. Bg2
fxe4 35. fxe4 Rc8 36. Kf1 Rc2 37. Ke2 Kf7 38. Rd3 Kf6 39. h4 Ke5 40. h5 d1=Q+
41. Kxd1 Rxg2 42. Kxc1 Kxe4 43. Rc3 Ra2 44. Rc7 Rxa6 45. Rxh7 gxh5 46. Rxh5 Ra3
47. g4 Rg3 48. Rg5 Rg2 49. Rg7 Kxd5 50. Rxa7 Rxg4 51. Kc2 Rg3 52. Ra8 Rg7 53.
Rd8 Rc7+ 54. Kb3 Rc5 55. Rb8 b5 56. Rd8 Ke5 57. Kb4 Kd5 58. Rd7 Rc1 59. Kxb5
Rb1+ 60. Ka4 Kc5 61. Rc7+ Kd4 62. Rg7 d5 63. Rd7 Kc4 64. Rc7+ Kd3 65. Rd7 d4
66. Rd8 Kc3 67. Rc8+ Kd2 68. Rd8 d3 69. Rc8 Kd1 70. Rd8 d2 71. Rd7 Ke2 72. Re7+
Kf3 73. Rf7+ Ke4 74. Re7+ Kf5 0-1

[Event "SR 2. liga A 2013/2014"]
[Site "?"]
[Date "2014.01.11"]
[Round "5.6"]
[White "Kolenak, Matus"]
[Black "Pipiska, Adam"]
[Result "0-1"]
[WhiteElo "1949"]
[BlackElo "1737"]
[PlyCount "96"]
[EventDate "2013.??.??"]

1. e4 e5 2. Nf3 Nc6 3. Bc4 Nf6 4. O-O Bc5 5. d3 O-O 6. Bg5 d6 7. h3 Be6 8. Bxe6
fxe6 9. c3 Qe8 10. d4 exd4 11. cxd4 Bb6 12. Nc3 Qg6 13. e5 dxe5 14. Bxf6 Qxf6
15. dxe5 Nxe5 16. Nxe5 Bxf2+ 17. Rxf2 Qxf2+ 18. Kh1 Qxb2 19. Qc1 Qxc1+ 20. Rxc1
Rf5 21. Re1 Rd8 22. Re2 Rf1+ 23. Kh2 Rc1 24. Ne4 Rdd1 25. Nf3 h6 26. Nf2 Rd6
27. Ne4 Rd8 28. Kg3 c5 29. Kf2 b6 30. Ng3 c4 31. Rxe6 c3 32. Ne2 Rc2 33. Rc6
Rd5 34. Ke3 Rc5 35. Rxc5 bxc5 36. a4 Ra2 37. Nxc3 Rxg2 38. Ne4 Rc2 39. Kd3 Rc1
40. Nfd2 Kf7 41. Ke3 Ke6 42. Nb3 Rc4 43. Nexc5+ Kd5 44. Nd3 Rxa4 45. Nf4+ Ke5
46. Ng6+ Kf6 47. Nf4 Ra3 48. Nd5+ Ke5 0-1

[Event "SR 2. liga A 2013/2014"]
[Site "?"]
[Date "2014.01.12"]
[Round "6.1"]
[White "Petenyi, Tamas"]
[Black "Cibulka, Vladimir"]
[Result "1-0"]
[WhiteElo "2464"]
[BlackElo "2238"]
[PlyCount "123"]
[EventDate "2013.??.??"]

1. e4 Nf6 2. Nc3 d5 3. e5 d4 4. Nce2 Ng4 5. f4 h5 6. Nf3 Nc6 7. h3 Nh6 8. Ng3
g6 9. Bc4 e6 10. Ne4 Bg7 11. Qe2 Nf5 12. d3 Na5 13. Bd2 Nxc4 14. dxc4 b6 15.
O-O-O h4 16. Be1 Bb7 17. Bf2 Qe7 18. Nxd4 O-O-O 19. c5 Nxd4 20. Bxd4 Kb8 21.
Qe3 Bh6 22. Rd3 g5 23. fxg5 Bxe4 24. Qxe4 Bxg5+ 25. Kb1 f5 26. exf6 Bxf6 27.
cxb6 axb6 28. Rhd1 Rxd4 29. Rxd4 Bxd4 30. Qxd4 Rg8 31. Rd2 Rf8 32. a3 Qg5 33.
Ka2 e5 34. Qd5 Re8 35. Re2 Qg7 36. c4 Qg5 37. c5 bxc5 38. Qxc5 Qg8+ 39. Kb1
Qg6+ 40. Ka1 e4 41. Qb5+ Kc8 42. Re3 Re6 43. Qd5 c6 44. Qc4 Kd7 45. Rb3 Rd6 46.
Rb7+ Ke8 47. Qa4 Rd7 48. Rb8+ Rd8 49. Rb4 Rd5 50. Rxe4+ Kd7 51. Qa7+ Kc8 52.
Qa8+ Kc7 53. Re7+ Kd6 54. Qd8+ Kc5 55. Qa5+ Kd6 56. Qb4+ Rc5 57. Re2 Qf5 58.
Re1 Qg5 59. Qb8+ Kd5 60. Rd1+ Ke4 61. Qb4+ Ke3 62. Qd4+ 1-0

[Event "SR 2. liga A 2013/2014"]
[Site "?"]
[Date "2014.01.12"]
[Round "6.1"]
[White "Blaho, Stefan"]
[Black "Veselsky, Jozef"]
[Result "1-0"]
[WhiteElo "2122"]
[BlackElo "2160"]
[PlyCount "152"]
[EventDate "2013.??.??"]

1. d4 d5 2. c4 e6 3. Nc3 Nf6 4. Bg5 Be7 5. cxd5 exd5 6. e3 h6 7. Bh4 O-O 8. Bd3
c6 9. Qc2 Re8 10. Nge2 Nh5 11. Bxe7 Qxe7 12. O-O Nd7 13. Rab1 Nf8 14. b4 Nf6
15. b5 Bd7 16. bxc6 Bxc6 17. Ng3 g6 18. Rfe1 Rac8 19. Qb3 Ne6 20. Rbd1 Rcd8 21.
Bb1 h5 22. Nf1 a5 23. a4 Qb4 24. Bc2 Rc8 25. Rb1 Qd6 26. Bd3 h4 27. Qb6 Qd8 28.
Qxd8 Rcxd8 29. Rec1 Nc7 30. Nd2 Ne4 31. Nb3 Ra8 32. Bxe4 dxe4 33. Nc5 Na6 34.
Nxa6 bxa6 35. d5 Bd7 36. Rb7 Bf5 37. Rc7 Rad8 38. Kf1 Rd7 39. Rc5 Rd6 40. Rxa5
h3 41. gxh3 Bxh3+ 42. Ke1 Re5 43. Rc5 Bd7 44. Rb1 Kf8 45. Rb4 f5 46. h4 Re8 47.
Ne2 Kf7 48. Nf4 Rh8 49. Rb7 Rxh4 50. Rc6 Rh1+ 51. Kd2 Rb1 52. Rxb1 Bxc6 53. Rb6
g5 54. Rxc6 Rd7 55. Ne6 Rxd5+ 56. Nd4 f4 57. Rxa6 g4 58. Kc3 f3 59. Rh6 Rc5+
60. Kb2 Rc4 61. a5 Rxd4 62. exd4 g3 63. fxg3 f2 64. Rh4 e3 65. Rf4+ Kg6 66. a6
e2 67. a7 e1=Q 68. a8=Q Qd2+ 69. Kb3 Qd1+ 70. Kb4 Qd2+ 71. Kc5 Qc1+ 72. Kd6
Qxf4+ 73. gxf4 f1=Q 74. Qe8+ Kg7 75. Qe7+ Kg8 76. Qg5+ Kf7 1-0

[Event "SR 2. liga A 2013/2014"]
[Site "?"]
[Date "2014.01.12"]
[Round "6.1"]
[White "Darazs, Zoltan"]
[Black "Rachela, Jozef"]
[Result "1-0"]
[WhiteElo "2108"]
[BlackElo "2078"]
[PlyCount "55"]
[EventDate "2013.??.??"]

1. e4 g6 2. d4 Bg7 3. Nc3 d6 4. f4 Nd7 5. Nf3 c6 6. Be3 Qa5 7. Qd2 e6 8. Be2
Ngf6 9. a3 Ng4 10. Bg1 Ngf6 11. h3 e5 12. b4 Qc7 13. fxe5 dxe5 14. Bh2 Ng8 15.
O-O Ne7 16. Bc4 b5 17. Bxf7+ Kd8 18. dxe5 Rf8 19. e6 Qb6+ 20. Kh1 Rxf7 21. exf7
c5 22. Ne5 Bf8 23. Rad1 Qe6 24. Nxb5 Nc6 25. Nxc6+ Qxc6 26. Bc7+ Ke7 27. Bd6+
Ke6 28. Qd5+ 1-0

[Event "SR 2. liga A 2013/2014"]
[Site "?"]
[Date "2014.01.12"]
[Round "6.1"]
[White "Merva, Frantisek"]
[Black "Kalmar, Tamas"]
[Result "1-0"]
[WhiteElo "2022"]
[BlackElo "1974"]
[PlyCount "99"]
[EventDate "2013.??.??"]

1. d4 Nf6 2. c4 e6 3. Nc3 d5 4. cxd5 exd5 5. Qc2 Be7 6. Bf4 c6 7. h3 O-O 8. e3
Be6 9. Bd3 Nbd7 10. Nge2 Re8 11. O-O Nf8 12. f3 Ng6 13. Be5 Rc8 14. Rae1 Nd7
15. Bh2 Ngf8 16. Nf4 Nf6 17. Qf2 c5 18. Bb5 Bd7 19. Bxd7 Qxd7 20. Kh1 Ng6 21.
Nxg6 hxg6 22. Be5 Qc6 23. Rd1 Nd7 24. e4 dxe4 25. Nxe4 Nxe5 26. dxe5 Red8 27.
Qc2 b6 28. Rxd8+ Rxd8 29. Rd1 Qc7 30. Rxd8+ Qxd8 31. Qa4 a5 32. Qc6 Kf8 33. Nd6
f6 34. Qd5 Bxd6 35. exd6 g5 36. b3 a4 37. Kg1 axb3 38. axb3 Qd7 39. Kf2 f5 40.
Ke3 Qf7 41. Qd3 Qd7 42. g4 fxg4 43. hxg4 b5 44. Qd5 Qf7 45. Ke4 Qe8+ 46. Kd3
Qg6+ 47. Kd2 c4 48. d7 Qd3+ 49. Qxd3 cxd3 50. d8=Q+ 1-0